Central Library OPAC University of Rajshahi

Émile for today : (Record no. 29860)

MARC details
000 -LEADER
fixed length control field 00887cam a22002771 4500
001 - CONTROL NUMBER
control field 29860
003 - CONTROL NUMBER IDENTIFIER
rucl marc code BD-RjUL
005 - DATE AND TIME OF LATEST TRANSACTION
control field 20211209051455.0
008 - FIXED-LENGTH DATA ELEMENTS--GENERAL INFORMATION
fixed length control field 140407s1956 enk 000 0 eng
035 ## - SYSTEM CONTROL NUMBER
System control number (BD-RjUL)29945
System control number (OCoLC)1414077
040 ## - CATALOGING SOURCE
Original cataloging agency DLC
Transcribing agency GU
Modifying agency OCoLC
-- Uk
-- DLC
Language of cataloging eng
041 1# - LANGUAGE CODE
Language code of text/sound track or separate title engfre
082 ## - DEWEY DECIMAL CLASSIFICATION NUMBER
Classification number 370.1
Author mark and year ROE 1956
100 1# - MAIN ENTRY--PERSONAL NAME
Personal name Rousseau, Jean-Jacques,
Dates associated with a name 1712-1778.
9 (RLIN) 90854
245 10 - TITLE STATEMENT
Title Émile for today :
Remainder of title the Émile of Jean Jacques Rousseau /
Statement of responsibility, etc. selected, translated, and interpreted by William Boyd.
260 ## - PUBLICATION, DISTRIBUTION, ETC. (IMPRINT)
Place of publication, distribution, etc. London :
Name of publisher, distributor, etc. Heinemann,
Date of publication, distribution, etc. 1956
300 ## - PHYSICAL DESCRIPTION
Pagination vi, 198 p. ;
Size 20 cm.
490 0# - SERIES STATEMENT
Series statement The Heinemann education series
650 #0 - SUBJECT ADDED ENTRY--TOPICAL TERM
Topical term or geographic name as entry element Education
Form subdivision Early works to 1800.
9 (RLIN) 67501
700 1# - ADDED ENTRY--PERSONAL NAME
Personal name Boyd, William,
Dates associated with a name 1874-1962.
942 ## - ADDED ENTRY ELEMENTS (KOHA)
Source of classification or shelving scheme Dewey Decimal Classification
Koha item type Books
Holdings
Lost status Source of classification or shelving scheme Damaged status Not for loan Collection code Permanent Location Current Location Shelving location Date acquired Source of acquisition Cost, normal purchase price Total Checkouts Full call number Date last seen Copy number Koha item type
  Dewey Decimal Classification   Added to bundle Non-fiction Central Library, University of Rajshahi Central Library, University of Rajshahi Reading Room 18/11/1957 O.U.P 8.86   370.1 ROE 1956 07/04/2014 C-1 Books